An introduction to optimization / (Record no. 106919)
[ view plain ]
| 000 -LEADER | |
|---|---|
| fixed length control field | 00695cam a2200229 a 4500 |
| 001 - CONTROL NUMBER | |
| control field | vtls000191879 |
| 005 - DATE AND TIME OF LATEST TRANSACTION | |
| control field | 20180816114704.0 |
| 008 - FIXED-LENGTH DATA ELEMENTS--GENERAL INFORMATION | |
| fixed length control field | 180416t2013 nyua b 001 0 eng |
| 020 ## - INTERNATIONAL STANDARD BOOK NUMBER | |
| International Standard Book Number | 9781118279014 |
| 040 ## - CATALOGING SOURCE | |
| Transcribing agency | PK-LaUMT |
| 082 ## - DEWEY DECIMAL CLASSIFICATION NUMBER | |
| Classification number | 519.6 |
| Item number | CHO-I |
| 100 1# - MAIN ENTRY--PERSONAL NAME | |
| Personal name | Chong, Edwin Kah Pin |
| 245 13 - TITLE STATEMENT | |
| Title | An introduction to optimization / |
| Statement of responsibility, etc | Edwin K.P. Chong and Stanislaw H. Zak. |
| 250 ## - EDITION STATEMENT | |
| Edition statement | 4th ed. |
| 260 ## - PUBLICATION, DISTRIBUTION, ETC. (IMPRINT) | |
| Place of publication, distribution, etc | Hoboken : |
| Name of publisher, distributor, etc | John Wiley, |
| Date of publication, distribution, etc | 2013 |
| 300 ## - PHYSICAL DESCRIPTION | |
| Extent | xv, 622 p. : |
| Other physical details | illustrations ; |
| Dimensions | 24 cm. |
| 500 ## - GENERAL NOTE | |
| General note | "A Wiley-Interscience publication." |
| 650 #0 - SUBJECT ADDED ENTRY--TOPICAL TERM | |
| Topical term or geographic name as entry element | Mathematical optimization. |
| 700 1# - ADDED ENTRY--PERSONAL NAME | |
| Personal name | Zak, Stanislaw H. |
| 942 ## - ADDED ENTRY ELEMENTS (KOHA) | |
| Koha item type | Books |
| Withdrawn status | Lost status | Damaged status | Home library | Current library | Date acquired | Full call number | Barcode | Date last seen | Price effective from | Koha item type |
|---|---|---|---|---|---|---|---|---|---|---|
| UMT Main Campus | UMT Main Campus | 2018-08-16 | 519.6 CHO-I | 123297 | 2021-03-02 | 2018-08-16 | Books |
